000 00685nam a22001695i 4500
001 165595
003 ES-MaACL
005 20230906213154.0
008 050905s1878 sp | |||||||| ||spa d
040 _aCAM
_bspa
_cCAM
100 1 _aSoto y Ramos, Isidro.
_9132843
245 1 3 _aLa Real Orden de 30 de mayo de 1878 y los derechos de la Iglesia respecto á cementerios catolicos y sepulturas eclesiasticas /
_cpor Isidro Soto y Ramos.
260 _aMadrid :
_b[s.n.],
_c1878 (
_fImprenta de Antonio Perez Dubrull)
300 _a40 p. ;
_c21 cm.
650 4 _aCementerios-
_xLegislación-
_zEspaña.
_9135746
852 _aES-MaACL
_jT-427-F-12
_z-- Enc. hol.
_z-- Enc. en un vol. facticio
999 _c165595
_d165595